000 01442nam a2200409 i 4500
001 196298
003 ES-MaACL
005 20251014000440.0
007 ta
008 240829s1999 sp | ||| ||spa
016 7 _abimoBNE20000856515
_2SpMaBN
017 _aB 39498-1999
_bOficina Depósito Legal Barcelona
020 _a8422678926
035 _a(OCoLC)433168348
035 _a(SpMaBN)bimo0001504797
035 _a991000160049708606
040 _aSpMaBN
_bspa
_cSpMaBN
_erdc
_dES-MaACL
080 _a929 Hitler, Adolf
100 0 _aKershaw, Ian,
_d1943-
_967940
245 1 0 _aHitler, 1889-1936 /
_cIan Kershaw ; traducción de José Manuel Álvarez Flórez.
260 _aBarcelona :
_bCírculo de Lectores,
_c[1999].
300 _a773 p., [32] p. de lám. :
_bil. ;
_c24 cm
336 _2rdacontent
_atexto
337 _2rdamedia
_asin mediación
338 _2rdacarrier
_avolumen
500 _aÍndice
504 _aBibliografía: p. 733-758
594 _aTraducción de: Hitler, 1889-1936
600 1 4 _aHitler, Adolf,
_d1889-1945-
_xBiografías
_963837
655 0 _aBiografías
_9176647
852 _aES-MaACL
_cDEPOJ
_jA-15525
_hDonación: Fernando Codina Rodríguez
_9204021
903 _aCodina Rodríguez, Fernando
_q1
_ednr
_9238631
942 _n0
_cMONOGRAFIA
999 _c196298
_d196298